000 00432nam a2200157Ia 4500
008 240729s9999 xx 000 0 und d
022 _a2578-6180
245 0 _aOhio Journal of Public Health
260 _aUnited States
260 _bOhio State University Libraries
650 _a Medicine (General)
650 _aMedicine
856 _uhttps://doaj.org/toc/1f171a3a944441349088f6b36511b05d
942 _2ddc
942 _cDOAJEJ
999 _c74746
_d74746
945 _a1
_bMadushi Gamage
_c1
_dMadushi Gamage